[Event "Championnat de la Loire - Top20"]
[Site "Loire"]
[Date "2009.03.28"]
[Round "6.5"]
[White "Bruel, Bruno"]
[Black "Carrot, Patrick"]
[Result "1/2-1/2"]
[WhiteElo "1780"]
[BlackElo "1841"]
[PlyCount "50"]
[EventDate "2009.??.??"]

1. d4 Nf6 2. c4 g6 3. Nc3 d5 4. Nf3 Bg7 5. cxd5 Nxd5 6. e4 Nxc3 7. bxc3 O-O 8.
Be2 c5 9. O-O Nd7 10. Be3 cxd4 11. cxd4 b6 12. Rc1 Bb7 13. e5 Rc8 14. Qa4 a6
15. Rxc8 Qxc8 16. Rc1 Qe8 17. Rc7 Bxf3 18. gxf3 Nb8 19. Qc2 Qd8 20. Bd3 b5 21.
f4 e6 22. Be4 Re8 23. Qc5 Bf8 24. Qc2 Kg7 25. Bb7 Bb4 $11 1/2-1/2

[Event "Championnat de la Loire - Top20"]
[Site "Loire"]
[Date "2009.03.28"]
[Round "6.7"]
[White "Aumont-Mathieu, Georges"]
[Black "Guevorkian, Spartak"]
[Result "1-0"]
[WhiteElo "1800"]
[BlackElo "1890"]
[PlyCount "117"]
[EventDate "2009.??.??"]

1. e4 c5 2. c3 Nc6 3. Nf3 d6 4. d4 cxd4 5. cxd4 Nf6 6. Nc3 a6 7. Be2 g6 8. h3
Bg7 9. O-O O-O 10. Be3 d5 11. e5 Nd7 12. Qd2 e6 13. Bh6 f6 14. Bxg7 Kxg7 15.
exf6+ Qxf6 16. Rad1 Nb6 17. b3 Bd7 18. Rc1 Rac8 19. Qe3 Qf4 20. Qxf4 Rxf4 21.
Rfe1 Rcf8 22. Bf1 Nc8 23. Na4 Nd6 24. Nc5 Bc8 25. a4 Ne4 26. Nd3 R4f6 27. Rc2
Kh6 28. Nfe5 Nxd4 29. Ng4+ Kg7 30. Rc7+ R6f7 31. Rxf7+ Rxf7 32. Nde5 Nxb3 33.
Nxf7 Kxf7 34. Re3 Nec5 35. Rf3+ Kg7 36. Ne5 b6 37. Rf7+ Kg8 38. Rc7 Bb7 39. Be2
d4 40. Nc4 d3 41. Bd1 Bd5 42. Nxb6 d2 43. Kf1 Be4 44. f3 Bd3+ 45. Kf2 Kh8 46.
Ke3 Bf1 47. g4 g5 48. Nc8 Bxh3 49. Nd6 Bf1 50. Nf7+ Kg8 51. Nxg5 Bc4 52. Nxh7
Bd5 53. Nf6+ Kf8 54. Nxd5 exd5 55. f4 d4+ 56. Kf3 d3 57. Ke3 Ke8 58. g5 Kd8 59.
g6 1-0

[Event "Championnat de la Loire - Top20"]
[Site "Loire"]
[Date "2009.03.28"]
[Round "6.8"]
[White "Vier, Serge"]
[Black "Maestracci, Olivier"]
[Result "1/2-1/2"]
[WhiteElo "1630"]
[BlackElo "1580"]
[PlyCount "71"]
[EventDate "2009.??.??"]

1. d4 d5 2. c4 c6 3. Nc3 dxc4 4. a4 e5 5. dxe5 Qxd1+ 6. Nxd1 Be6 7. Nc3 Na6 8.
Bf4 Nc5 9. Nf3 Nb3 10. Rd1 Bb4 11. e4 h6 12. Be2 Ne7 13. O-O O-O 14. Nd4 Nxd4
15. Rxd4 Rfd8 16. Rfd1 Rxd4 17. Rxd4 Bc5 18. Rd1 Kf8 19. Kf1 Ke8 20. Bg3 Rd8
21. Rxd8+ Kxd8 22. f4 f5 23. Bf2 Bxf2 24. Kxf2 b6 25. Ke3 a6 26. Kd4 c5+ 27.
Ke3 Kd7 28. g4 g6 29. gxf5 gxf5 30. exf5 Nxf5+ 31. Ke4 Nd4 32. Bh5 Bf5+ 33. Ke3
b5 34. Ne4 Nc2+ 35. Kf3 Nd4+ 36. Ke3 1/2-1/2

[Event "Championnat de la Loire - Top20"]
[Site "Loire"]
[Date "2009.03.28"]
[Round "6.9"]
[White "Mialon, Franck"]
[Black "Massard, Christian"]
[Result "0-1"]
[WhiteElo "1370"]
[BlackElo "1810"]
[PlyCount "42"]
[EventDate "2009.??.??"]

1. e4 c6 2. d4 d5 3. exd5 cxd5 4. Nf3 Bg4 5. h3 Bh5 6. Nc3 a6 7. Be2 Nd7 8. O-O
Ngf6 9. Bg5 Qc7 10. Bxf6 Nxf6 11. Ne5 Bxe2 12. Qxe2 e6 13. a3 Rc8 14. Rfe1 Bd6
15. Ng4 Qd8 16. Nxf6+ Qxf6 17. Nxd5 Qxd4 18. Nc3 O-O 19. Rad1 Qb6 20. Ne4 Bb8
21. Qg4 f5 0-1

[Event "Championnat de la Loire - Top20"]
[Site "Loire"]
[Date "2009.03.28"]
[Round "6.10"]
[White "Minchilli, Franco"]
[Black "Carrot, Axel"]
[Result "1/2-1/2"]
[WhiteElo "1740"]
[BlackElo "1650"]
[PlyCount "125"]
[EventDate "2009.??.??"]

1. e4 e5 2. Nc3 Bc5 3. Nf3 d6 4. d4 exd4 5. Nxd4 Nf6 6. Bg5 Nbd7 7. Nf5 O-O 8.
Be2 Qe8 9. Qd3 Ne5 10. Qg3 Nxe4 11. Ne7+ Kh8 12. Nxe4 f6 13. Bxf6 gxf6 14. Nd5
f5 15. Nxc5 Qc6 16. O-O-O Qxc5 17. Qh4 Bd7 18. Nf6 Rf7 19. Rd5 Qb6 20. Rhd1 Ng6
21. Nxd7 Nxh4 22. Nxb6 axb6 23. Bc4 Rf6 24. g3 Nf3 25. h4 Re8 26. Bd3 f4 27.
Rh5 Re7 28. b3 fxg3 29. fxg3 h6 30. a4 Rg7 31. Be4 Rxg3 32. Bxb7 Kg7 33. Rd3
Kg6 34. Rb5 Rg1+ 35. Kb2 Nxh4 36. a5 bxa5 37. Rxa5 Rg5 38. Be4+ Kg7 39. Ra7 Rf7
40. Rc3 Rc5 41. Rg3+ Kf6 42. Ra1 Rg5 43. Rh3 Rg4 44. Bd3 Kg5 45. Bc4 Re7 46.
Ra8 Rg7 47. Be6 Rf4 48. Rd3 Nf5 49. Rf8 Rg6 50. Bxf5 Rxf5 51. Rg3+ Kh4 52. Rxg6
Rxf8 53. Rxh6+ Kg5 $11 54. Rh7 Rc8 55. Re7 Kf6 56. Re3 c5 57. Kc3 d5 58. Kd2
Rb8 59. Ke2 Rb4 60. Kf3 Kf5 61. Rc3 Rf4+ 62. Ke2 Re4+ 63. Re3 $11 1/2-1/2

[Event "Championnat de la Loire - Top20"]
[Site "Loire"]
[Date "2009.04.25"]
[Round "7.1"]
[White "Morice, Ludovic"]
[Black "Walter, Alain"]
[Result "1-0"]
[WhiteElo "2056"]
[BlackElo "1760"]
[PlyCount "99"]
[EventDate "2009.??.??"]

1. e4 c5 2. Na3 e6 3. f4 d5 4. e5 Ne7 5. Nf3 g6 6. c3 Bg7 7. g3 Nbc6 8. Bh3 a6
9. O-O O-O 10. Nc2 d4 11. d3 Rb8 12. cxd4 Nxd4 13. Ncxd4 cxd4 14. Qe2 Nc6 15.
b3 b5 16. Bb2 Qb6 17. Rac1 Bb7 18. Qf2 Rfd8 19. Rfd1 Ba8 20. Bg2 Rd7 21. Ng5
Rbd8 22. Ne4 Ne7 23. Nc5 Rc7 24. Bxd4 Bxg2 25. Kxg2 Nf5 26. Be3 Bf8 27. b4 Rd5
28. d4 Ne7 29. a3 Nc6 30. Ne4 Kg7 31. Nf6 Ne7 32. Rxc7 Qxc7 33. Rc1 Qb7 34. Kh3
Rd8 35. g4 h6 36. f5 h5 37. Nxh5+ gxh5 38. f6+ Kg8 39. fxe7 hxg4+ 40. Kxg4 Qe4+
41. Qf4 Qg2+ 42. Qg3 Qxg3+ 43. Kxg3 Bxe7 44. Rc7 Kf8 45. Bh6+ Ke8 46. Rxe7+
Kxe7 47. Bg5+ Ke8 48. Bxd8 Kxd8 49. Kf4 Ke7 50. Kg5 1-0

[Event "Championnat de la Loire - Top20"]
[Site "Loire"]
[Date "2009.04.25"]
[Round "7.2"]
[White "Cizeron, Frederic"]
[Black "Furnon, Yannick"]
[Result "1-0"]
[WhiteElo "2104"]
[BlackElo "1780"]
[PlyCount "59"]
[EventDate "2009.??.??"]

1. f4 d5 2. Nf3 Nf6 3. e3 Bg4 4. b3 Nbd7 5. Bb2 e6 6. h3 Bxf3 7. Qxf3 Ne4 8. g3
c6 9. a3 Ndf6 10. Rh2 Bd6 11. d3 Nc5 12. g4 h6 13. Nd2 Qe7 14. Rf2 Rg8 15. Be5
O-O-O 16. b4 Na4 17. c4 Qc7 18. d4 Nd7 19. Bxd6 Qxd6 20. c5 Qe7 21. b5 Nc3 22.
bxc6 bxc6 23. Rc1 Nb5 24. Bxb5 cxb5 25. Qe2 a6 26. a4 bxa4 27. Qxa6+ Kc7 28.
Qa7+ Kc8 29. Rb1 Rdf8 30. Qa8+ 1-0

[Event "Championnat de la Loire - Top20"]
[Site "Loire"]
[Date "2009.04.25"]
[Round "7.3"]
[White "Cursoux, Gerard"]
[Black "Garon, Pierre"]
[Result "1/2-1/2"]
[WhiteElo "2040"]
[BlackElo "1942"]
[PlyCount "68"]
[EventDate "2009.??.??"]

1. e4 Nf6 2. e5 Nd5 3. c4 Nb6 4. d4 d6 5. f4 dxe5 6. fxe5 Bf5 7. Nf3 e6 8. Nc3
Bb4 9. Bd3 Bg4 10. a3 Bxc3+ 11. bxc3 c5 12. Be4 Nc6 13. h3 Bh5 14. g4 Bg6 15.
Bxc6+ bxc6 16. Qe2 O-O 17. a4 Nd7 18. h4 h5 19. Ng5 cxd4 20. cxd4 hxg4 21. Qxg4
Bf5 22. Qe2 c5 23. Rf1 f6 24. Rxf5 exf5 25. Ne6 Qe7 26. Nxf8 Rxf8 27. e6 cxd4
28. exd7 Qxd7 29. Qd3 Re8+ 30. Kd1 Re4 31. c5 Qd5 32. h5 Rg4 33. Bd2 Qxc5 34.
Rc1 Rg1+ 1/2-1/2

[Event "Championnat de la Loire - Top20"]
[Site "Loire"]
[Date "2009.04.11"]
[Round "7.4"]
[White "Muller, Anthony"]
[Black "Bruel, Bruno"]
[Result "1-0"]
[WhiteElo "1860"]
[BlackElo "1780"]
[PlyCount "49"]
[EventDate "2009.??.??"]

1. e4 c5 2. Nf3 d6 3. d4 cxd4 4. Nxd4 Nf6 5. Bd3 e6 6. O-O Be7 7. f4 O-O 8. Kh1
Nbd7 9. Nb3 b6 10. c4 Bb7 11. Re1 Qc7 12. Nc3 Rfd8 13. Qe2 Nf8 14. Nd4 Ng6 15.
f5 exf5 16. Nxf5 Ne5 17. Rf1 Nfg4 18. Nd5 Bxd5 19. exd5 Bf6 20. Bf4 Nxd3 21.
Qxd3 Bxb2 22. Rab1 Be5 23. Qf3 Qxc4 24. Qxg4 Qxd5 25. Ne7+ 1-0

[Event "Championnat de la Loire - Top20"]
[Site "Loire"]
[Date "2009.04.25"]
[Round "7.5"]
[White "Pareux, Marc"]
[Black "Deville, Olivier"]
[Result "0-1"]
[WhiteElo "1640"]
[BlackElo "2012"]
[PlyCount "42"]
[EventDate "2009.??.??"]

1. g3 d5 2. d4 Nf6 3. Bg2 c6 4. Nf3 Bf5 5. Nbd2 e6 6. O-O Nbd7 7. Re1 Bd6 8. c4
h6 9. Nh4 Bh7 10. e4 dxe4 11. Nxe4 Nxe4 12. Bxe4 Bxe4 13. Rxe4 Nf6 14. Re1 O-O
15. Nf3 c5 16. Be3 Qb6 17. Qe2 Ng4 18. b3 Nxe3 19. fxe3 a5 20. Rab1 Qc6 21. Qd3
Qxf3 0-1

[Event "Championnat de la Loire - Top20"]
[Site "Loire"]
[Date "2009.04.25"]
[Round "7.6"]
[White "Carrot, Patrick"]
[Black "Aumont-Mathieu, Georges"]
[Result "1/2-1/2"]
[WhiteElo "1841"]
[BlackElo "1800"]
[PlyCount "54"]
[EventDate "2009.??.??"]

1. e4 e5 2. Nf3 Nc6 3. Bb5 Nf6 4. O-O Bc5 5. c3 O-O 6. d4 Bb6 7. Bg5 h6 8. Bh4
g5 9. Nxg5 Nxe4 10. Nf3 Ng5 11. Bxc6 dxc6 12. Nxe5 Nh3+ 13. gxh3 Qxh4 14. Kh1
Qxh3 15. Rg1+ Kh7 16. Rg3 Qh4 17. Qd3+ Kh8 18. Nd2 Qh5 19. Rag1 Bf5 20. Qe3
Rae8 21. Qf4 Rg8 22. Qxh6+ Qxh6 23. Nxf7+ Kh7 24. Nxh6 Rxg3 25. Nxf5 Rxg1+ 26.
Kxg1 Re2 27. Nc4 c5 1/2-1/2

[Event "Championnat de la Loire - Top20"]
[Site "Loire"]
[Date "2009.04.25"]
[Round "7.7"]
[White "Carrot, Axel"]
[Black "Vier, Serge"]
[Result "1/2-1/2"]
[WhiteElo "1650"]
[BlackElo "1630"]
[PlyCount "79"]
[EventDate "2009.??.??"]

1. d4 d5 2. Bf4 Nf6 3. Nc3 c6 4. e3 Bg4 5. Be2 Bxe2 6. Qxe2 e6 7. a3 Qa5 8. Qd2
Bb4 9. Nge2 Bxc3 10. Qxc3 Qxc3+ 11. Nxc3 Nbd7 12. h3 O-O 13. O-O-O c5 14. Rhe1
cxd4 15. exd4 Rac8 16. Nb5 Ra8 17. b3 a6 18. Nd6 b5 19. Kb2 Ne8 20. c4 bxc4 21.
bxc4 dxc4 22. Nxc4 Nef6 23. Kc2 Nd5 24. Bd6 Rfc8 25. Kd3 Rc6 26. Rb1 Rac8 27.
Rb7 N7b6 28. Nxb6 Nxb6 29. Bc5 Nd5 30. g3 g6 31. Reb1 R8c7 32. Rxc7 Rxc7 33.
Rb8+ Kg7 34. f4 h5 35. Ke4 Nf6+ 36. Kd3 Nd5 37. Ra8 Rc6 38. Rd8 h4 39. gxh4
Nxf4+ 40. Ke3 1/2-1/2

[Event "Championnat de la Loire - Top20"]
[Site "Loire"]
[Date "2009.04.25"]
[Round "7.9"]
[White "Maestracci, Olivier"]
[Black "Poncet, Alain"]
[Result "1/2-1/2"]
[WhiteElo "1580"]
[BlackElo "1893"]
[PlyCount "39"]
[EventDate "2009.??.??"]

1. e4 e5 2. Nf3 Nc6 3. d4 exd4 4. Nxd4 Bc5 5. Be3 Qf6 6. c3 Nge7 7. Bc4 O-O 8.
O-O Ne5 9. Be2 d5 10. Nd2 Qg6 11. Nf5 Bd6 12. Bh5 Qf6 13. Nxe7+ Qxe7 14. exd5
Bd7 15. Be2 c6 16. dxc6 Bxc6 17. Nf3 Rac8 18. Qd2 Ng4 19. Ng5 Nf6 20. Bf3 $11
1/2-1/2

[Event "Championnat de la Loire - Top20"]
[Site "Loire"]
[Date "2009.04.25"]
[Round "7.10"]
[White "Guevorkian, Spartak"]
[Black "Mialon, Franck"]
[Result "1-0"]
[WhiteElo "1890"]
[BlackElo "1370"]
[PlyCount "50"]
[EventDate "2009.??.??"]

1. d4 d5 2. Nf3 c6 3. c3 e6 4. Bf4 f5 5. h3 Nf6 6. Nbd2 Bd6 7. Bxd6 Qxd6 8. Ne5
Nbd7 9. Ndf3 O-O 10. e3 Ne4 11. Nxd7 Bxd7 12. Ne5 b5 13. Be2 b4 14. c4 Qe7 15.
c5 f4 16. exf4 Rxf4 17. Bf3 Raf8 18. a3 b3 19. Qxb3 Qh4 20. Qe3 Ng5 21. O-O-O
Qh6 22. Nxd7 Nxf3 23. Nxf8 Nxd4 24. Rxd4 e5 25. Rxf4 Qe6 1-0